[Event "23rd Jirasek Mem GM"]
[Site "Rakovnik CZE"]
[Date "2011.08.07"]
[Round "3.5"]
[White "Cyborowski,L"]
[Black "Wasserbauer,R"]
[Result "1-0"]
[WhiteElo "2537"]
[BlackElo "2145"]

1.d4 Nf6 2.c4 g6 3.Nc3 d5 4.cxd5 Nxd5 5.e4 Nxc3 6.bxc3 Bg7 7.Qa4+ Bd7 8.Qa3 O-O
9.Nf3 Bg4 10.Bg5 Re8 11.Be2 h6 12.Be3 Qd6 13.Qb3 Qb6 14.Qa3 c5 15.O-O Bxf3
16.Bxf3 cxd4 17.cxd4 Bxd4 18.Rab1 Bxe3 19.Rxb6 Bxb6 20.e5 Nc6 21.e6 f6 22.Rd1 Nd4
23.Rxd4 Bxd4 24.Qd3  1-0

[Event "Split Open"]
[Site "Split CRO"]
[Date "2011.08.07"]
[Round "3.3"]
[White "Cvitan,O"]
[Black "Dulic,G"]
[Result "1-0"]
[WhiteElo "2501"]
[BlackElo "2251"]

1.d4 Nf6 2.c4 g6 3.Nc3 d5 4.cxd5 Nxd5 5.e4 Nxc3 6.bxc3 Bg7 7.Bc4 c5 8.Ne2 O-O
9.O-O Nc6 10.Be3 Na5 11.Bd3 Qc7 12.Rc1 b6 13.Qd2 e6 14.Bh6 f5 15.Bxg7 Qxg7
16.Qe3 cxd4 17.cxd4 Bb7 18.Rfe1 Rac8 19.Nf4 Qd7 20.d5 fxe4 21.dxe6 Qd6 22.Rxc8 Bxc8
23.e7 Qxe7 24.Bxe4 Kh8 25.Nxg6+  1-0

[Event "22nd ch-NATO"]
[Site "Kaunas LTU"]
[Date "2011.08.08"]
[Round "1.4"]
[White "Narman,G"]
[Black "Wantiez,F"]
[Result "1/2-1/2"]
[WhiteElo "2057"]
[BlackElo "2357"]

1.d4 Nf6 2.c4 g6 3.Nc3 d5 4.cxd5 Nxd5 5.e4 Nxc3 6.bxc3 Bg7 7.Be3 c5 8.Qd2 Qa5
9.Rc1 O-O 10.Nf3 Nc6 11.d5 Rd8 12.c4 Nb4 13.a3 Qxa3 14.Bxc5 Nc2+ 15.Rxc2 Qxc5
16.Bd3 Bg4 17.Qe3 Qa5+ 18.Ke2 e6 19.h3 Bxf3+ 20.Kxf3 exd5 21.cxd5 Rdc8 22.Rhc1 Rxc2
23.Rxc2 Qd8 24.Bc4 Qd6 25.Ba2 a5 26.Qc5 Bf8 27.Qxd6 Bxd6 28.Ke3 Kf8 29.Kd4 f6
30.g3 g5 31.Ke3 Ke7 32.f4 gxf4+ 33.gxf4 b5 34.Rg2 Rf8 35.Rg7+ Rf7 36.Rg8 Rf8
37.Rg7+ Rf7 38.Rg8 a4 39.Kd4 b4 40.Bc4 b3 41.Bb5 Bxf4 42.Re8+ Kd6 43.Re6+ Kc7
44.Bxa4 b2 45.Bc2 Be5+ 46.Kc5 Rg7 47.d6+ Bxd6+ 48.Rxd6 Rg2 49.Bd3 Rd2 50.Rb6 Rxd3
51.Rxb2 Rxh3 52.Kd5 Rh5+ 53.Ke6 Re5+ 54.Kxf6 Rxe4 55.Rh2 Rd4 56.Rxh7+ Rd7
57.Rxd7+ Kxd7  1/2-1/2

[Event "Sakkozo Magyarok World Meeting"]
[Site "Lakitelek HUN"]
[Date "2011.08.08"]
[Round "3.9"]
[White "Kukel,I sr"]
[Black "Darazs,Z"]
[Result "0-1"]
[WhiteElo "2000"]
[BlackElo "2133"]

1.d4 Nf6 2.c4 g6 3.Nc3 d5 4.cxd5 Nxd5 5.e4 Nxc3 6.bxc3 Bg7 7.Bc4 c5 8.Ne2 Nc6
9.Be3 O-O 10.O-O Qc7 11.Rb1 Rd8 12.Qc1 Na5 13.Bd3 b6 14.Rd1 Bb7 15.f3 e6
16.dxc5 bxc5 17.Rb5 Bf8 18.Bf4 Bd6 19.Bxd6 Rxd6 20.Qa3 c4 21.Rxa5 Rxd3 22.Rb1 Rd2
23.Rab5 Bxe4 24.fxe4 Rxe2 25.Rb7 Qf4 26.Qc5 Rf8 27.Rf1 Rxg2+ 28.Kxg2 Qxe4+
29.Kg3 Qxb7 30.Qxc4 Rc8 31.Qf4 Qc7 32.Qxc7 Rxc7 33.Rf3 e5 34.Kg4 Rc4+ 35.Kg5 Kg7  0-1

[Event "ITT Ciudad de Villa Martelli"]
[Site "Villa Martelli ARG"]
[Date "2011.08.08"]
[Round "8"]
[White "Rego,V"]
[Black "Mayorga,N"]
[Result "0-1"]
[WhiteElo "2273"]
[BlackElo "2330"]

1.d4 Nf6 2.c4 g6 3.Nc3 d5 4.cxd5 Nxd5 5.e4 Nxc3 6.bxc3 Bg7 7.Nf3 c5 8.Rb1 O-O
9.Be2 cxd4 10.cxd4 Qa5+ 11.Bd2 Qxa2 12.O-O Nd7 13.Re1 Nb6 14.Rb3 Bd7 15.Qb1 Qxb1
16.Rexb1 e6 17.Bb5 Bxb5 18.Rxb5 Nc4 19.Rxb7 Nxd2 20.Nxd2 Bxd4 21.Nf3 Bg7
22.Kf1 a5 23.e5 Rfd8 24.Ng5 h6 25.Nxf7 Rf8 26.Nd6 Bxe5 27.Nc4 Bd4 28.f3 a4
29.Rd7 Bf6 30.Na3 Rfd8 31.Rbd1 Rxd7 32.Rxd7 Bb2 33.Rd3 Rc8 34.Ke2 Rc1  0-1

[Event "1st Radzikowskiej Mem"]
[Site "Warsaw POL"]
[Date "2011.08.08"]
[Round "3"]
[White "Worek,J"]
[Black "Rajlich,I"]
[Result "1/2-1/2"]
[WhiteElo "2306"]
[BlackElo "2436"]

1.d4 Nf6 2.c4 g6 3.Nc3 d5 4.cxd5 Nxd5 5.e4 Nxc3 6.bxc3 Bg7 7.Bc4 c5 8.Ne2 Nc6
9.Be3 O-O 10.O-O Qc7 11.Rc1 Rd8 12.Bf4 Be5 13.Bxe5 Nxe5 14.Bb3 Ng4 15.Ng3 c4
16.Bc2 b5 17.h3 Ne3 18.fxe3 Qxg3 19.Rf3 Qc7 20.e5 Bb7 21.Rf4 Qa5 22.Bb1 Qa3
23.Qd2 e6 24.h4 Rac8 25.h5 b4 26.hxg6 fxg6 27.Rf6 bxc3 28.Rxc3 Qb4 29.Qc1 Bd5
30.a3 Qb7 31.Qc2 Rb8 32.Ba2 Rdc8 33.Rf4 Qb6 34.Kh2 Rf8 35.Rxf8+ Rxf8 36.Bxc4 Qd8
37.Qe2 Qh4+ 38.Kg1 Rb8 39.Rc1 Rc8 40.Rc2 Rb8 41.Rc1 Rc8 42.Rc2 Rb8 43.Rc1  1/2-1/2

[Event "20th ZMDI Open A"]
[Site "Dresden GER"]
[Date "2011.08.09"]
[Round "4.22"]
[White "Andre,G"]
[Black "Zakhartsov,Vl"]
[Result "1-0"]
[WhiteElo "2368"]
[BlackElo "2146"]

1.d4 Nf6 2.c4 g6 3.Nc3 d5 4.cxd5 Nxd5 5.e4 Nxc3 6.bxc3 Bg7 7.Bc4 c5 8.Ne2 Nc6
9.Be3 O-O 10.O-O Qc7 11.Rb1 cxd4 12.cxd4 Nxd4 13.Bxf7+ Rxf7 14.Nxd4 Qc4 15.Qd2 e5
16.Nb5 Rd7 17.Qc1 Qxe4 18.Nc7 Rxc7 19.Qxc7 b6 20.Rfe1 Bb7 21.f3 Qc6 22.Rbc1 Qxc7
23.Rxc7 Bd5 24.Rd1 Be6 25.Rd6 Bf5 26.g4 Bf8 27.Rf6 Bb1 28.Rff7 Bxa2 29.Rxh7 Bd5
30.Bg5 Bc5+ 31.Kg2 e4 32.Bf6 exf3+ 33.Kh3 Bf7 34.Rh8+  1-0

[Event "Stilwerk Masters"]
[Site "Vienna AUT"]
[Date "2011.08.09"]
[Round "7"]
[White "Beckhuis,G"]
[Black "Michielsen,J"]
[Result "1/2-1/2"]
[WhiteElo "2300"]
[BlackElo "2331"]

1.d4 Nf6 2.c4 g6 3.Nc3 d5 4.cxd5 Nxd5 5.e4 Nxc3 6.bxc3 Bg7 7.Nf3 c5 8.Rb1 O-O
9.Be2 b6 10.O-O Bb7 11.Qd3 e6 12.Bg5 Qc8 13.Rfd1 Nd7 14.d5 c4 15.Qxc4 Nc5
16.Qb4 exd5 17.exd5 Re8 18.Bb5 Re4 19.Qa3 a5 20.c4 Bf8 21.Qc3 Bg7 22.Qa3 Bf8
23.Qc3 Bg7 24.Qa3  1/2-1/2

[Event "23rd Jirasek Mem GM"]
[Site "Rakovnik CZE"]
[Date "2011.08.10"]
[Round "6.1"]
[White "Cech,P"]
[Black "Cernousek,L"]
[Result "1-0"]
[WhiteElo "2377"]
[BlackElo "2424"]

1.d4 Nf6 2.c4 g6 3.Nc3 d5 4.cxd5 Nxd5 5.e4 Nxc3 6.bxc3 Bg7 7.Nf3 c5 8.Rb1 O-O
9.Be2 Nc6 10.d5 Ne5 11.Nxe5 Bxe5 12.Qd2 e6 13.f4 Bc7 14.dxe6 Bxe6 15.O-O Qxd2
16.Bxd2 Rfd8 17.Be3 b6 18.Rb2 f6 19.f5 gxf5 20.exf5 Bf7 21.Bf4 Bxf4 22.Rxf4 Re8
23.Bc4 Rad8 24.Rg4+ Kf8 25.Bxf7 Kxf7 26.Rh4 Kg7 27.Rg4+ Kf8 28.Rh4 Re7 29.Kf2 Rd5
30.Rf4 Ree5 31.g4 Rd3 32.Ra4 Re7 33.Re2 Red7 34.Re3 Rd2+ 35.Re2 Rd1 36.Rae4 Kf7
37.Re8 Rh1 38.Kg2 Rc1 39.Rh8 Kg7 40.Rhe8 Rxc3 41.R2e7+ Rxe7 42.Rxe7+ Kh6
43.h4 Rc2+ 44.Kf3 Rxa2 45.Rf7 Ra3+ 46.Kf4 Ra4+ 47.Kf3 Rd4 48.Rxf6+ Kg7 49.Rc6 Rd7
50.g5 b5 51.h5 b4 52.h6+ Kg8 53.Rc8+ Kf7 54.g6+  1-0

[Event "8th Ostroda GM"]
[Site "Ostroda POL"]
[Date "2011.08.11"]
[Round "9.5"]
[White "Sieciechowicz,M"]
[Black "Duda,J"]
[Result "1-0"]
[WhiteElo "2454"]
[BlackElo "2274"]

1.d4 Nf6 2.c4 g6 3.Nc3 d5 4.cxd5 Nxd5 5.e4 Nxc3 6.bxc3 Bg7 7.Bg5 c5 8.Rc1 O-O
9.d5 Qa5 10.Qd2 e5 11.c4 Qb6 12.g3 f5 13.exf5 gxf5 14.Ne2 Nd7 15.f4 h6 16.Bh4 e4
17.Bg2 Re8 18.O-O Nf8 19.g4 fxg4 20.f5 e3 21.Qd3 Bf6 22.Bxf6 Qxf6 23.Rf4 Kh8
24.Rcf1 Nd7 25.Rxg4 Ne5 26.Qxe3 Bd7 27.Rg3 Rac8 28.Qc3 Rg8 29.Nf4 Rxg3 30.hxg3 Re8
31.Ne6 b6 32.Re1 Ng4 33.Qxf6+ Nxf6 34.Kf2 Ba4 35.Rh1 Kh7 36.Bf3 Rg8 37.Rh4 Rh8
38.g4 Kg8 39.Rh1 Rh7 40.Kg3 Ne8 41.Be4 Nf6 42.Bd3 Bd7 43.Bc2 Bc8 44.Kf4 Ba6
45.Bb3 Nd7 46.a4 Nf6 47.Rh2 Bc8 48.a5 Bd7 49.axb6 axb6 50.Ra2 Be8 51.Ra8 Re7
52.Ba4 Kf7 53.d6 Bxa4 54.Rf8+  1-0

[Event "50th World Juniors"]
[Site "Chennai IND"]
[Date "2011.08.12"]
[Round "10.14"]
[White "Shyam,SM"]
[Black "Barbosa,Ev"]
[Result "1/2-1/2"]
[WhiteElo "2478"]
[BlackElo "2343"]

1.d4 Nf6 2.c4 g6 3.Nc3 d5 4.cxd5 Nxd5 5.e4 Nxc3 6.bxc3 Bg7 7.Nf3 c5 8.Be3 O-O
9.Rc1 Qa5 10.Qd2 Rd8 11.d5 Nc6 12.Bh6 e6 13.Bxg7 Kxg7 14.c4 Qxd2+ 15.Nxd2 Nd4
16.Nb3 Nxb3 17.axb3 f5 18.f3 fxe4 19.fxe4 e5 20.Be2 Bd7 21.Kd2 a5 22.Ra1 Rf8
23.Rhf1 Rxf1 24.Bxf1 b6 25.Be2 Kf6 26.h3 Ke7 27.Ke3 Rf8 28.Bg4 Kd6 29.Bxd7 Kxd7
30.Rd1 Kd6 31.Ke2  1/2-1/2

[Event "20th Poznan Open"]
[Site "Poznan POL"]
[Date "2011.08.12"]
[Round "7.7"]
[White "Gajdamowicz,P"]
[Black "Nawrocki,P"]
[Result "0-1"]
[WhiteElo "1903"]
[BlackElo "2059"]

1.d4 Nf6 2.c4 g6 3.Nc3 d5 4.cxd5 Nxd5 5.e4 Nxc3 6.bxc3 Bg7 7.Nf3 O-O 8.Rb1 c5
9.Be2 Nc6 10.d5 Ne5 11.Nxe5 Bxe5 12.Qd3 f5 13.Bf3 Qa5 14.O-O Qxc3 15.Qxc3 Bxc3
16.exf5 Rxf5 17.Ba3 b6 18.d6 Rb8 19.dxe7 Ba6 20.Rfc1 Bd4 21.Bc6 Rxf2 22.Bxc5 Rf1+  0-1

[Event "e2e4 Int Masters D"]
[Site "Sunningdale ENG"]
[Date "2011.08.12"]
[Round "4"]
[White "Williams,Si1"]
[Black "Sturt,R"]
[Result "0-1"]
[WhiteElo "2528"]
[BlackElo "2231"]

1.d4 Nf6 2.c4 g6 3.Nc3 d5 4.cxd5 Nxd5 5.e4 Nxc3 6.bxc3 Bg7 7.Be3 c5 8.Rc1 Qa5
9.Qd2 O-O 10.d5 f5 11.exf5 Bxf5 12.Nf3 Nd7 13.Bd3 Bxd3 14.Qxd3 c4 15.Qxc4 Rac8
16.Qd3 Rxc3 17.Rxc3 Bxc3+ 18.Bd2 Bxd2+ 19.Nxd2 Rf5 20.O-O Rxd5 21.Nb3 Rxd3
22.Nxa5 Nc5 23.Rc1 Rd2 24.a3 Ra2 25.g3 b6 26.Nc6 Rxa3 27.Nxe7+ Kf7 28.Nc8 Ke6
29.Rd1 b5 30.f4 b4 31.Rd6+ Kf5 32.Rd5+ Kg4 33.Rxc5 Rc3 34.Rd5 Kf3 35.Rd1 Rxc8
36.Rd3+ Ke4 37.Rd7 Rb8 38.Re7+ Kf3  0-1

[Event "FSFMA1 August"]
[Site "Budapest HUN"]
[Date "2011.08.13"]
[Round "8"]
[White "Koczo,K"]
[Black "Nagy,Z2"]
[Result "1/2-1/2"]
[WhiteElo "2242"]
[BlackElo "1943"]

1.d4 Nf6 2.c4 g6 3.Nc3 d5 4.cxd5 Nxd5 5.e4 Nxc3 6.bxc3 Bg7 7.Be3 c5 8.Rc1 O-O
9.Nf3 Bg4 10.Be2 Qa5 11.Qd2 cxd4 12.cxd4 Qxd2+ 13.Kxd2 Rd8 14.d5 Nc6 15.Bd3 Bxf3
16.gxf3 Ne5 17.Be2 e6 18.f4 Nc6  1/2-1/2

[Event "20th ZMDI Open A"]
[Site "Dresden GER"]
[Date "2011.08.13"]
[Round "8.4"]
[White "Andre,G"]
[Black "Zakhartsov,Vi"]
[Result "0-1"]
[WhiteElo "2368"]
[BlackElo "2578"]

1.d4 Nf6 2.c4 g6 3.Nc3 d5 4.cxd5 Nxd5 5.e4 Nxc3 6.bxc3 Bg7 7.Bc4 c5 8.Ne2 Nc6
9.Be3 O-O 10.O-O Qc7 11.Rc1 Rd8 12.Qd2 a6 13.Bh6 Bh8 14.Bf4 Qa5 15.d5 Ne5
16.Bb3 c4 17.Bc2 e6 18.d6 b5 19.Bg3 Qb6 20.Rcd1 f6 21.h4 Nf7 22.Qd4 Qxd4
23.Nxd4 e5 24.Nc6 Rxd6 25.Rxd6 Nxd6 26.Rd1 Nf7 27.a4 Be6 28.Ra1 bxa4 29.Rxa4 Nd6
30.Nb4 a5 31.Nc6 Bd7  0-1

[Event "e2e4 Int Masters D"]
[Site "Sunningdale ENG"]
[Date "2011.08.13"]
[Round "7"]
[White "Sturt,R"]
[Black "Hegarty,S"]
[Result "1-0"]
[WhiteElo "2231"]
[BlackElo "2065"]

1.d4 Nf6 2.c4 g6 3.Nc3 d5 4.cxd5 Nxd5 5.e4 Nxc3 6.bxc3 Bg7 7.Nf3 O-O 8.Be3 c5
9.Qd2 Qa5 10.Rc1 cxd4 11.cxd4 Qxd2+ 12.Kxd2 Nc6 13.Bb5 Rd8 14.Bxc6 bxc6 15.Rc5 Rb8
16.Kc3 Bd7 17.Ra5 Rb7 18.Nd2 Be6 19.Rb1 Rxb1 20.Nxb1 Rd7 21.Nd2 Kf8 22.Nb3 Bxb3
23.axb3 Ke8 24.Kc4 Rc7 25.Bf4 Rb7 26.Ra6 Kd7 27.d5 cxd5+ 28.exd5 Kc8 29.Rc6+ Kd7
30.b4 e5 31.Be3 Bf8 32.Bc5 Bxc5 33.bxc5 Rb1 34.Rd6+ Ke7 35.Ra6 Rb7 36.c6 Rc7
37.Kc5  1-0

[Event "Botvinnik 100th Open"]
[Site "St Petersburg RUS"]
[Date "2011.08.14"]
[Round "3"]
[White "Palachev,P"]
[Black "Sedlak,N"]
[Result "1/2-1/2"]
[WhiteElo "2207"]
[BlackElo "2580"]

1.d4 Nf6 2.c4 g6 3.Nc3 d5 4.cxd5 Nxd5 5.e4 Nxc3 6.bxc3 Bg7 7.Bc4 c5 8.Ne2 O-O
9.Be3 Nc6 10.O-O Qc7 11.Rc1 Rd8 12.Bf4 Qd7 13.dxc5 Qe8 14.Bd5 Ne5 15.Bxe5 Bxe5
16.Qb3 e6 17.Bxb7 Rb8 18.c6 Bxb7 19.cxb7 Qc6 20.Nd4 Qc7 21.Rb1 Rd7 22.Nf3 Bg7
23.c4 Rxb7 24.Qc2 Qc5 25.h3 Rdc7 26.Rb3 Rb6 27.Rfb1 Bf8 28.Rxb6 axb6 29.Qb3 Qxc4
30.Qxc4 Rxc4 31.Rxb6 Rxe4 32.Rb2 h6 33.g3 Kg7 34.Kg2 f5 35.Rc2 Kf6 36.Nd2 Ra4
37.h4 Ra6 38.Nb3 Bd6 39.Nd4 Ra4 40.Nb5 Be5 41.f4 Ba1 42.a3 Ke7 43.Rc7+ Kd8
44.Rh7 e5 45.Rxh6 exf4 46.Rxg6 fxg3 47.Rxg3  1/2-1/2

[Event "CECLUB Div2 Gp2"]
[Site "Totana ESP"]
[Date "2011.08.14"]
[Round "6"]
[White "Ortega Ruiz,J"]
[Black "Cabrera,Ale"]
[Result "1-0"]
[WhiteElo "2248"]
[BlackElo "2530"]

1.d4 Nf6 2.c4 g6 3.Nc3 d5 4.cxd5 Nxd5 5.e4 Nxc3 6.bxc3 Bg7 7.Bc4 c5 8.Be3 Nc6
9.Ne2 O-O 10.O-O b6 11.Rb1 Qc7 12.dxc5 bxc5 13.Qd5 Be6 14.Qxc5 Bxc4 15.Qxc4 Rfc8
16.Qa6 Na5 17.Rb5 Nc6 18.Rc5 Qd7 19.Nd4 Ne5 20.Rd5 Qe8 21.Nb5 Nc4 22.Bd4 Rc6
23.Qa4 a6 24.Na3 Nb6 25.Bxb6 Rxb6 26.Qa5 Rc6 27.Rd3 Rcc8 28.Re1 e6 29.g3 Bf8
30.Nb1 Rc5 31.Qb6 Rb5 32.Qc7 Rc8 33.Qf4 Rb2 34.e5 Qb5 35.Rdd1 Be7 36.Nd2 Rd8
37.Nf1 Rxd1 38.Rxd1 Qe2  1-0

[Event "27th Geraadsbergen Open"]
[Site "Geraadsbergen BEL"]
[Date "2011.08.15"]
[Round "9.5"]
[White "Roos,Ad"]
[Black "Verhaeren,G"]
[Result "0-1"]
[WhiteElo "2123"]
[BlackElo "2014"]

1.d4 Nf6 2.c4 g6 3.Nc3 d5 4.cxd5 Nxd5 5.e4 Nxc3 6.bxc3 Bg7 7.Nf3 c5 8.Be3 Nc6
9.Rb1 cxd4 10.cxd4 Bg4 11.Rxb7 Bxf3 12.gxf3 Bxd4 13.Bb5 Bc3+ 14.Bd2 Qxd2+
15.Qxd2 Bxd2+ 16.Kxd2 O-O-O+  0-1

[Event "26th Universiade Men"]
[Site "Shenzhen CHN"]
[Date "2011.08.15"]
[Round "2.7"]
[White "Melkumyan,H"]
[Black "Bulski,K"]
[Result "0-1"]
[WhiteElo "2600"]
[BlackElo "2479"]

1.d4 Nf6 2.c4 g6 3.Nc3 d5 4.cxd5 Nxd5 5.e4 Nxc3 6.bxc3 Bg7 7.Be3 c5 8.Nf3 Bg4
9.Rc1 Qa5 10.Qd2 Nc6 11.d5 Bxf3 12.gxf3 Rd8 13.Qb2 Nd4 14.Bg2 Nb5 15.Bd2 Nd6
16.Qc2 Nc4 17.Bg5 h6 18.Bh4 Na3 19.Qb2 Nb5 20.Qc2 Na3 21.Qb2 Nb5 22.O-O g5
23.Bg3 Nxc3 24.Qxb7 Qb6 25.Qxb6 axb6 26.Rc2 Ra8 27.f4 Nxa2 28.e5 Nb4 29.Re2 Rd8
30.d6 exd6 31.exd6+ Kf8 32.Bh3 Bf6 33.d7 g4 34.Bxg4 h5 35.Bf5 h4 36.Rfe1 hxg3
37.hxg3 Nd5 38.Kg2 Kg7 39.Re4 Bc3 40.Rb1 Nf6 41.Rc4 Bd4 42.Rxb6 Nxd7 43.Rb7 Nf6
44.Be6 Rhf8 45.Ra4 Ne4 46.Raa7 Nd6 47.Rd7 c4 48.Rac7 c3 49.Bb3 Rxd7 50.Rxd7 Bc5
51.Rc7 Rc8 52.Rd7 Rb8 53.Rc7 Bd4 54.Ba4 Rb4 55.Bd1 Rb2 56.Kf3 Rxf2+ 57.Kg4 Rd2
58.Ba4 Ra2 59.Bb3 Rb2 60.Ba4 Rb4 61.Bc2 Rc4 62.Rd7 Nb5 63.Bb3 Rc7 64.Rd5 Bc5
65.f5 Nd4 66.Ba4 c2 67.Bxc2 Nxc2 68.Kf4 Be3+ 69.Kg4 Rc4+ 70.Kh5 Rc5  0-1

[Event "Botvinnik 100th Open"]
[Site "St Petersburg RUS"]
[Date "2011.08.19"]
[Round "8"]
[White "Timirev,Sergey"]
[Black "Abuladze,L"]
[Result "1-0"]
[WhiteElo "1823"]
[BlackElo "2048"]

1.d4 Nf6 2.c4 g6 3.Nc3 d5 4.cxd5 Nxd5 5.e4 Nxc3 6.bxc3 Bg7 7.Bc4 c5 8.Be3 O-O
9.Ne2 Nc6 10.O-O cxd4 11.cxd4 Bg4 12.f3 Na5 13.Bxf7+ Rxf7 14.fxg4 Rxf1+ 15.Kxf1 e5
16.Rc1 Qd7 17.dxe5 Qxd1+ 18.Rxd1 Nc4 19.Bd4 Re8 20.h3 Bxe5 21.Ke1 Bc7 22.Nc3 Ba5
23.Ke2 Bxc3 24.Bxc3 Rxe4+ 25.Kd3 Nd6 26.Bd4 a6 27.Rc1 Re7 28.a4 Rd7 29.Rc5 b5
30.Rc6 Nc4 31.Rxa6 Nb2+ 32.Ke4 Nxa4 33.Ra8+ Kf7 34.Rb8 Re7+ 35.Kd3 Re6 36.Rxb5 Ra6
37.Rb7+  1-0

[Event "Brasschaat Masters"]
[Site "Brasschaat BEL"]
[Date "2011.08.20"]
[Round "1.1"]
[White "De Schampheleire,G"]
[Black "Dardha,A"]
[Result "1/2-1/2"]
[WhiteElo "2263"]
[BlackElo "2302"]

1.d4 Nf6 2.c4 g6 3.Nc3 d5 4.cxd5 Nxd5 5.e4 Nxc3 6.bxc3 Bg7 7.Be3 c5 8.Qd2 Qa5
9.Nf3 O-O 10.Rb1 cxd4 11.cxd4 Nc6 12.Qxa5 Nxa5 13.Bd3 Rd8 14.h3 b6 15.Ke2 Bb7
16.Rhc1 Rac8 17.d5 Rxc1 18.Rxc1 Rc8 19.Rxc8+ Bxc8 20.Nd4 Bd7 21.f4 e6 22.dxe6 fxe6
23.Nb5 Nc6 24.e5 Nb4 25.Nxa7 Nxd3 26.Kxd3 b5 27.Bc5 g5 28.Ke4 gxf4 29.Kxf4 Kf7
30.Ke4 Kg6 31.g4 Bh6 32.h4 Bc1 33.Be3 Ba3 34.h5+ Kf7 35.g5 Kg7 36.Kd4 Be7
37.Ke4 Bd8 38.Kd3 Bc7 39.Bd4 Bd8 40.Be3 Bc7 41.Kc3 Ba5+ 42.Kb3 Be1 43.Kc2 Bg3
44.Kd3 Be1 45.Kd4 Bb4 46.Ke4 Be8 47.h6+ Kg6 48.Nc8 Bc6+ 49.Kd4 Ba3 50.Nd6 Bb2+
51.Kc5 Bd5 52.Nxb5 Bxa2 53.Kd6 Bc4 54.Nd4 Ba3+ 55.Kd7 Bc5 56.Kc6 Be7 57.Kd7 Bc5
58.Kc6 Be7 59.Kd7 Bc5  1/2-1/2

[Event "Manhattan Open"]
[Site "New York USA"]
[Date "2011.08.21"]
[Round "9"]
[White "Bartholomew,J"]
[Black "Safarli,E"]
[Result "0-1"]
[WhiteElo "2442"]
[BlackElo "2622"]

1.d4 Nf6 2.c4 g6 3.Nc3 d5 4.cxd5 Nxd5 5.e4 Nxc3 6.bxc3 Bg7 7.Bc4 c5 8.Ne2 Nc6
9.Be3 O-O 10.O-O Na5 11.Bd3 b6 12.Qd2 e5 13.Bg5 Qd7 14.Bh6 Bb7 15.Bxg7 Kxg7
16.d5 f5 17.f3 Rf7 18.exf5 Qxd5 19.fxg6 hxg6 20.Qc2 Qe6 21.Ng3 Rd8 22.Rf2 Rfd7
23.Bf1 Qf6 24.Re1 Bc6 25.Qe2 Rd5 26.Ne4 Qf5 27.h4 Re8 28.g3 Rdd8 29.Ng5 Bd5
30.Bh3 Qf6 31.Ne4 Qe7 32.Bg4 Bc4 33.Qe3 Rd3 34.Qc1 Be6 35.Rh2 Bxg4 36.fxg4 Qe6
37.Qg5 Qe7 38.Qc1 Qe6 39.Qc2 Red8 40.Qe2 Nc4 41.Rf1 Ne3 42.Ng5 Qxg4 43.Qf2 Qf5
44.Re1 Ng4 45.Qxf5 gxf5 46.Ne6+ Kf6 47.Nxd8 Nxh2 48.Kxh2 Rxd8  0-1

[Event "26th Schwarzacher Open"]
[Site "Schwarzach AUT"]
[Date "2011.08.21"]
[Round "2"]
[White "Seisenberger,Georg"]
[Black "Mueller,Marc"]
[Result "1-0"]
[WhiteElo "2055"]
[BlackElo "2167"]

1.d4 Nf6 2.c4 g6 3.Nc3 d5 4.cxd5 Nxd5 5.e4 Nxc3 6.bxc3 Bg7 7.Nf3 O-O 8.Rb1 c5
9.Be2 Nc6 10.Be3 Bg4 11.O-O Bxf3 12.Bxf3 cxd4 13.cxd4 Nxd4 14.Rxb7 e5 15.Qa4 Qc8
16.Rd7 Rd8 17.Rxd8+ Qxd8 18.Bd1 a5 19.Bb3 Rb8 20.Qc4 Qf8 21.Bxd4 exd4 22.f4 Rc8
23.Qd5 Qe7 24.e5 a4 25.Bxa4 d3 26.Bb3 Rd8 27.Qc4 d2 28.Rd1 Qa7+ 29.Kh1 Qe3
30.Qxf7+ Kh8 31.h3 Rf8 32.Qc4 Rxf4 33.Qg8+  1-0

[Event "3rd Senica Open"]
[Site "Senica SVK"]
[Date "2011.08.21"]
[Round "1.20"]
[White "Kastler,P"]
[Black "Goossens,R"]
[Result "0-1"]
[WhiteElo "1720"]
[BlackElo "2079"]

1.d4 Nf6 2.c4 g6 3.Nc3 d5 4.cxd5 Nxd5 5.e4 Nxc3 6.bxc3 Bg7 7.Bc4 O-O 8.Ne2 c5
9.O-O Nc6 10.Be3 Na5 11.Bd3 b6 12.dxc5 Qc7 13.cxb6 axb6 14.Qc2 Be6 15.Bd4 Bc4
16.Bxg7 Kxg7 17.Rfd1 Rfc8 18.Bxc4 Nxc4 19.Rd3 Ra3 20.g3 Rca8 21.Nd4 Qc5 22.Ne2 e6
23.Nc1 Ne5 24.Re3 Ng4 25.Rf3 Qh5 26.h4 g5 27.hxg5 R3a5 28.Qd2 Rxg5 29.Qf4 Rd8
30.Nd3 e5 31.Qc1 Rg6 32.Nb4 Nf6 33.Rf5 Qh3 34.Qf1 Qg4 35.Nd3 Qxe4 36.Nxe5 Qxf5
37.Nxg6 hxg6 38.Rb1 Rh8 39.Rxb6 Qh5 40.Qg2 Qd1+ 41.Qf1 Rh1+ 42.Kxh1 Qxf1+
43.Kh2 Ng4+  0-1

[Event "Malaysian Open"]
[Site "Kuala Lumpur MAS"]
[Date "2011.08.23"]
[Round "7.21"]
[White "Laylo,D"]
[Black "Zulfic,F"]
[Result "1/2-1/2"]
[WhiteElo "2528"]
[BlackElo "2098"]

1.d4 Nf6 2.c4 g6 3.Nc3 d5 4.cxd5 Nxd5 5.e4 Nxc3 6.bxc3 Bg7 7.Be3 c5 8.Rc1 O-O
9.Nf3 Nc6 10.d5 Ne5 11.Nxe5 Bxe5 12.f4 Bg7 13.Be2 Qa5 14.Qd2 Bd7 15.O-O c4
16.f5 b5 17.d6 exd6 18.f6 Bh8 19.Qxd6 Rfd8 20.Qf4 Be6 21.Bd4 b4 22.Bg4 Bxg4
23.Qxg4 Qxa2 24.e5 h5 25.Qe4 Qa6 26.cxb4 Qe6 27.Bc5 Rd5 28.Rfe1 a5 29.Rxc4 axb4
30.Bxb4 Re8 31.Be7 Rxe5 32.Qxe5 Qxc4 33.Rf1 Qc6 34.h3 Qd7 35.Qg5 Kh7 36.g4 Qd4+
37.Rf2 Rc8 38.gxh5 Qd1+ 39.Kg2 Qxh5 40.Qxh5+ gxh5 41.Kg3 Rc4 42.Rd2 Kg6 43.Rd8 Bxf6
44.Rd6 Rc3+ 45.Kg2 Rc2+ 46.Kf1 Rc1+ 47.Ke2 Rc2+ 48.Ke3 Rc3+ 49.Kf4 Rc4+  1/2-1/2

[Event "Trade Fair Open A"]
[Site "Brno CZE"]
[Date "2011.08.24"]
[Round "5"]
[White "Meszaros,Lu"]
[Black "Pacher,M"]
[Result "0-1"]
[WhiteElo "2170"]
[BlackElo "2408"]

1.d4 Nf6 2.c4 g6 3.Nc3 d5 4.cxd5 Nxd5 5.e4 Nxc3 6.bxc3 Bg7 7.Nf3 c5 8.Bb5+ Nd7
9.O-O O-O 10.h3 a6 11.Bc4 Qc7 12.Qe2 b5 13.Bd5 Rb8 14.e5 Nb6 15.Bb3 c4 16.Bc2 Nd5
17.Bd2 b4 18.cxb4 c3 19.Bb3 cxd2 20.Bxd5 Bh6 21.Nxd2 Qd8 22.Bb3 Qxd4 23.Nc4 Rxb4
24.Rad1 Qc5 25.Nb2 a5 26.Rd5 Qc6 27.Rxa5 Bb7 28.Bd5 Qb6 29.Nc4 Ba6 30.Nxb6 Bxe2
31.Re1 Bd2 32.Rxe2 Rb1+ 33.Kh2 Bxa5 34.Nd7 Rc8 35.e6 f5 36.g3 Bc3 37.Kg2 Rb2
38.Kf3 Rxe2 39.Kxe2 Bd4 40.Bb3 Kg7 41.Kf3 Rc1 42.Kg2 Rb1 43.f4 Rb2+ 44.Kh1 Bf2
45.Kg2 Be1+ 46.Kf3 Rf2+ 47.Ke3 Rh2 48.Ne5 Rxh3 49.Nf3 Rxg3 50.Ke2 Ba5 51.Ne5 Bc7  0-1

[Event "26th Schwarzacher Open"]
[Site "Schwarzach AUT"]
[Date "2011.08.25"]
[Round "6"]
[White "Lund,E"]
[Black "Zakharchenko,A"]
[Result "1-0"]
[WhiteElo "2388"]
[BlackElo "2202"]

1.d4 Nf6 2.c4 g6 3.Nc3 d5 4.cxd5 Nxd5 5.e4 Nxc3 6.bxc3 Bg7 7.Bc4 O-O 8.Ne2 c5
9.O-O Nc6 10.Be3 Na5 11.Bd3 Qc7 12.Qd2 e5 13.d5 f5 14.exf5 gxf5 15.f3 c4
16.Bc2 Qd6 17.f4 e4 18.g4 Qg6 19.Ng3 Qxg4 20.Rf2 Qh4 21.Rg2 Rf7 22.Ba4 Qh3
23.Be8 Bd7 24.Bxf7+ Kxf7 25.Bd4 Bh6 26.Be5 b6 27.Rd1 Rc8 28.Qe2 Nb7 29.Nh5 Nc5
30.Nf6 Ba4 31.Rf1 Nd3 32.Rg3 Qh4 33.Nxe4 fxe4 34.Qxe4 Rf8 35.Qxh7+ Ke8 36.Qxa7 Bd7
37.Qxb6 Nxe5 38.Qb8+ Ke7 39.Qxe5+ Kf7 40.Qd6 Bf5 41.Qc7+ Qe7 42.Qxc4 Qa7+
43.Rf2 Rc8 44.Qe2 Kf8 45.Qe5  1-0

[Event "23rd Schlosspark-Open"]
[Site "Wiesbaden GER"]
[Date "2011.08.26"]
[Round "3.45"]
[White "Spinnler,W"]
[Black "Schmidt,V2"]
[Result "1/2-1/2"]
[WhiteElo "1729"]
[BlackElo "2013"]

1.d4 Nf6 2.c4 g6 3.Nc3 d5 4.cxd5 Nxd5 5.e4 Nxc3 6.bxc3 Bg7 7.Bc4 O-O 8.Ne2 c5
9.Be3 Nc6 10.O-O cxd4 11.cxd4 Na5 12.Bd3 Nc6 13.Bb5 Bd7 14.Rb1 a6 15.Bxc6 Bxc6
16.d5 Bb5 17.a4 Bxe2 18.Qxe2 Qd7 19.Qa2 b5 20.axb5 axb5 21.Qb3 Ra4 22.Qxb5 Qxb5
23.Rxb5 Rxe4 24.Rd1 Rd8 25.Rb3 f5 26.g3 h6 27.Rbd3 Kf7 28.d6 Rd7 29.dxe7 Rdxe7
30.Rd7 g5 31.Bc5 Rxd7 32.Rxd7+ Kg6 33.Rd6+  1/2-1/2

[Event "1st Alghero Open"]
[Site "Alghero ITA"]
[Date "2011.08.27"]
[Round "2.2"]
[White "Rombaldoni,D"]
[Black "Avrukh,B"]
[Result "1-0"]
[WhiteElo "2495"]
[BlackElo "2600"]

1.d4 Nf6 2.c4 g6 3.Nc3 d5 4.cxd5 Nxd5 5.e4 Nxc3 6.bxc3 Bg7 7.Be3 c5 8.Qd2 Qa5
9.Rc1 O-O 10.Nf3 Rd8 11.d5 e6 12.Bg5 Re8 13.d6 Nd7 14.h4 h5 15.Bh6 Bh8 16.Be2 b5
17.g4 hxg4 18.Ng5 Ne5 19.h5 Qd8 20.hxg6 fxg6 21.Nh7 Qd7 22.Bg5 Qf7 23.Be7 Nf3+
24.Bxf3 Qxf3 25.Qh6 Qf7 26.Ng5 Qg7 27.Qh4 Bd7 28.Bf6  1-0

[Event "20th Kaerntner Chess Summer"]
[Site "Feffernitz AUT"]
[Date "2011.08.27"]
[Round "8"]
[White "Kock,HU"]
[Black "Hofer,C"]
[Result "1-0"]
[WhiteElo "2084"]
[BlackElo "1834"]

1.d4 Nf6 2.c4 g6 3.Nc3 d5 4.cxd5 Nxd5 5.e4 Nxc3 6.bxc3 Bg7 7.Bc4 c5 8.Ne2 O-O
9.O-O Nc6 10.Be3 Qc7 11.Rc1 Bd7 12.f4 Bg4 13.h3 Bxe2 14.Bxe2 cxd4 15.cxd4 Qb6
16.Rb1 Qc7 17.d5 Na5 18.Rc1 Qd7 19.Qd2 b6 20.e5 Rad8 21.Rfd1 f6 22.Bg4 Qb7
23.Be6+ Kh8 24.Bd4 Rxd5 25.Bxd5 Qxd5 26.exf6 exf6 27.Bxf6 Qxd2 28.Bxg7+ Kxg7
29.Rxd2 Rxf4 30.Rc7+ Kh6 31.Rxa7 Rb4 32.Rdd7 Ra4 33.Rxh7+ Kg5 34.Raf7 Rxa2
35.Kh2 Ra3 36.h4+ Kg4 37.Rf6 Nc4 38.Rxg6+ Kf5 39.Rg5+ Kf4 40.Rf7+ Ke4 41.h5 Ne3
42.h6  1-0